000 02983nam0a2200445 4500
001 RU\NLR\bibl\1766704
005 20260406061339.0
010 _a978-5-699-47704-3
_94000
021 _aRU
_b2011-24099
_9190д/11
035 _a(nilc)RSL-KNO-004943240
035 _a(NLR Aleph) 001757499
090 _a1557501
_c1557501
100 _a20110411d2011 |||y0rusy50 ca
101 1 _arus
_ceng
102 _aRU
105 _aa |||||||||
200 1 _aВаско да Гама. Путешествия в Индию
_e[сборник
_fпер. с англ. И. Летберга, Г. Голованова]
210 _aМосква
_cЭксмо
_d2011
215 _a475 с., [12] л. цв. ил., карт., портр., факс.
_cил., карт., портр., факс.
_d26
225 1 _aВеликие путешествия
327 1 _aСодерж.: "Roteiro". Дневник первого путешествия Васко да Гамы (1497-1499 гг.). Калкоен, или Голландская повесть о втором путешествии Васко да Гамы в Каликут в 1502 году. Васко да Гама / К.И. Кунин
464 0 _12001#$a"Roteiro". Дневник первого путешествия Васко да Гамы (1497-1499 гг.)
_15170#$aДневник первого путешествия Васко да Гамы (1497-1499 гг.)
_t"Roteiro". Дневник первого путешествия Васко да Гамы (1497-1499 гг.)
464 0 _12001#$aКалкоен, или Голландская повесть о втором путешествии Васко да Гамы в Каликут в 1502 году
_15170#$aГолландская повесть о втором путешествии Васко да Гамы в Каликут в 1502 году
_tКалкоен, или Голландская повесть о втором путешествии Васко да Гамы в Каликут в 1502 году
464 0 _12001#$aВаско да Гама$fК.И. Кунин
_1700#1$aКунин$bК. И.$gКонстантин Ильич$4070
_tВаско да Гама
_aКунин, Константин Ильич
517 0 _aПутешествия в Индию
600 1 _aВаско да Гама
_f1469 - 1524
_xПутешествия
_92080065
_3RU\NLR\auth\661255976
607 _aИндия
_xОткрытие и исследования
_xИстория
_91224268
_3RU\NLR\auth\66180271
686 _aД9(57Ид)023,0
_2rubbk
686 _aД8д(3)Гама В.,0
_2rubbk
686 _aД8д(3)Васко да Гама
686 _aД890(57Ид)023
702 1 _aЛетберг
_bИ.
_4730
702 0 _4570
_8rus
_7ca
_aВаско да Гама
_f1469-1524
_3RU\NLR\AUTH\7711584
_9121326
801 0 _aRU
_bRuMoRKP
_c20110411
_grcr
801 1 _aRU
_bРГБ
_c20110411
801 2 _aRU
_bNLR
_c20110506
_grcr
942 _cBOOK
980 _aNB
980 _aNBR